| 000 | 00420cam a2200169ua 4500 | ||
|---|---|---|---|
| 020 | _c2.50 | ||
| 041 |
_amal _h |
||
| 082 |
_a894.812 308 _bRAM/RA |
||
| 100 | _aRaman Pilla, C V . | ||
| 245 | 0 | 0 |
_aRamaraja Bahadur-Part II / _cC V Raman Pilla. _hTextual Documents |
| 260 |
_aTirvandurm : _bB V Book Depot , _c1957. |
||
| 300 | _a389 ; . | ||
| 365 | _a2.50 | ||
| 504 | _a | ||
| 942 | _cBK | ||
| 999 |
_c3886 _d3886 |
||